000 01005nam a2200253 a 4500
001 000036221
005 20200930074953.0
008 120111s1983 mx 001 0 spa d
040 _aDO-SdBNP
_bspa
_cBNPHU
082 _axxxx
_bT487l, 1983
100 1 _aThora Kron,
_962286
240 1 4 _aThe management of patient care
_lInglés
245 1 0 _aLiderazgo y administración en enfermeria /
_cThora Kron ; colaborador Ellen Durbin, traductor Sonia Dondisch de Grinberg, María del Carmen Legorreta G., Jorge L. Blanco y Correa M.
250 _a5a ed.
260 _aMéxico :
_bNueva Editorial Interamericana,
_c1983.
300 _axv, 327 p.
500 _aIncluye índice alfabético
504 _aIncluye referencias bibliográficas al pie de las páginas.
504 _aBibliografía :p. 321
700 1 2 _aDurbin, Ellen
_962287
700 1 2 _aDondisch de Grinberg, Sonia,
_etr.
_962288
700 1 2 _aLegorreta G., María del Carmen,
_etr.
_962289
700 1 2 _aBlanco y Correa M., Jorge L.
_etr.
_962290
999 _c35712
_d35712